Music Quiz

Random Music Quiz

UK Best Selling Singles 1952-2010 Quiz Stats

Quiz not verified by Sporcle

Challenge
Share
Tweet
Embed
Score 0/200 Timer 15:00
0 Plays Today
% Correct
The Beatles
93.5%
The Beatles
93.5%
The Beatles
93.5%
The Beatles
93.5%
The Beatles
93.5%
Elton John
77.4%
Queen
63.8%
Elvis Presley
62.8%
Band Aid
62.3%
Spice Girls
59.8%
Spice Girls
59.8%
Candle In The Wind 1997/Something About The Way You Look Tonight
57.8%
Michael Jackson
53.3%
ABBA
52.8%
Bryan Adams
52.3%
Whitney Houston
52.3%
Cliff Richard and The Shadows
51.3%
Take That
51.3%
Wham!
49.7%
Wings
49.2%
John Lennon
49.2%
Oasis
48.7%
Wet Wet Wet
46.2%
Will Young
46.2%
Céline Dion
46.2%
Céline Dion
46.2%
Britney Spears
43.7%
Do They Know It's Christmas?
43.7%
Do They Know It's Christmas?
43.7%
Cher
42.7%
Bohemian Rhapsody
42.2%
Kylie Minogue
41.7%
Boyzone
41.2%
Boney M
40.7%
Boney M
40.7%
Gareth Gates
40.2%
George Michael
39.7%
Frankie Goes To Hollywood
39.2%
Robson and Jerome
39.2%
Frankie Goes To Hollywood
39.2%
Slade
39.2%
Robson and Jerome
39.2%
Robbie Williams
39.2%
Tom Jones
38.2%
Stevie Wonder
37.7%
She Loves You
37.2%
Band Aid 20
36.2%
I Will Always Love You
36.2%
John Travolta and Olivia Newton-John
35.7%
John Travolta and Olivia Newton-John
35.7%
Imagine
35.2%
Wannabe
35.2%
Culture Club
34.2%
Righteous Brothers
33.2%
Everything I Do (I Do It For You)
33.2%
Aqua
32.7%
Mull Of Kintyre/Girl's School
32.7%
Human League
31.7%
I Want To Hold Your Hand
31.7%
Wonderwall
31.2%
Alexandra Burke
30.7%
Bob the Builder
30.7%
Unchained Melody/White Cliffs Of Dover
30.2%
Unchained Melody
30.2%
Unchained Melody
30.2%
Ken Dodd
29.6%
Evergreen/Anything Is Possible
29.6%
% Correct
Last Christmas/Everything She Wants
29.6%
Pink Floyd
29.1%
Dancing Queen
29.1%
Love Is All Around
28.6%
My Heart Will Go On
28.1%
Eiffel 65
27.1%
Shayne Ward
26.6%
Harry Belafonte
26.1%
Coolio feat. LV
25.6%
All Saints
25.6%
Black Eyed Peas
25.6%
Relax
25.6%
Believe
25.6%
Engelbert Humperdinck
24.1%
Shaggy feat. RikRok
24.1%
Engelbert Humperdinck
24.1%
Teletubbies
24.1%
Angels
24.1%
Jennifer Rush
23.6%
Gary Glitter
23.6%
Blue (Da Ba Dee)
23.1%
The Seekers
22.6%
Rivers Of Babylon/Brown Girl In The Ring
22.6%
Fugees
21.6%
Soft Cell
21.6%
New Order
21.6%
Whigfield
21.6%
Two Tribes
21.6%
Dexy's Midnight Runners
21.1%
Various Artists
20.6%
The Simon Park Orchestra
20.6%
The Archies
20.6%
Careless Whisper
20.6%
2 Become 1
20.6%
Baddiel, Skinner and the Lightning Seeds
20.1%
Puff Daddy feat. Faith Evans and 112
20.1%
Blondie
20.1%
Paul Anka
20.1%
You're The One That I Want
20.1%
Mary's Boy Child/Oh My Lord
20.1%
Summer Nights
20.1%
Back For Good
20.1%
Bill Haley and the Comets
19.6%
Hear'Say
19.6%
Billy Joel
19.6%
New Seekers
19.6%
Mary's Boy Child
19.1%
Earth Song
19.1%
Steps
18.6%
Karma Chameleon
18.6%
Survivor
18.1%
Barbie Girl
18.1%
Don't You Want Me
18.1%
Another Brick In The Wall
18.1%
Acker Bilk
17.6%
Frank Ifield
17.1%
I Just Called To Say I Love You
17.1%
Tears
17.1%
Can't Get You Out Of My Head
17.1%
Tony Christie feat. Peter Kay
16.6%
...Baby One More Time
16.6%
I Feel Fine
16.6%
Day Tripper/We Can Work It Out
16.6%
The Power Of Love
16.6%
Think Twice
16.6%
Green Green Grass Of Home
16.6%
Hallelujah
16.6%
% Correct
Natalie Imbruglia
16.1%
Can't Buy Me Love
16.1%
Can We Fix It?
15.6%
Adam and the Ants
15.1%
Julie Covington
15.1%
Merry Xmas Everybody
15.1%
Village People
14.1%
Art Garfunkel
13.6%
Irene Cara
13.6%
Black Box
13.6%
I Believe/Up On The Roof
13.6%
I Gotta Feeling
13.1%
Diana
12.6%
Tainted Love
12.6%
Kings of Leon
12.1%
Ray Parker Jr.
11.6%
It's Now Or Never
11.6%
The Young Ones
11.6%
Never Ever
11.1%
It Wasn't Me
11.1%
David Soul
10.6%
Ian Dury and The Blockheads
10.6%
Rock Around The Clock
10.6%
No Matter What
10.6%
Perfect Day
10.1%
Pure And Simple
10.1%
Run DMC vs Jason Nevins
9.5%
Release Me
9.5%
Babylon Zoo
9%
Brotherhood Of Man
9%
Come On Eileen
9%
Blue Monday
8.5%
Sugar Sugar
8.5%
I'll Be Missing You
8%
Killing Me Softly
8%
Eye Of The Tiger
8%
Is This The Way To Amarillo?
8%
Heartbeat/Tragedy
8%
Saturday Night
8%
Uptown Girl
8%
Heart Of Glass
7.5%
That's My Goal
7.5%
Gangsta's Paradise
7%
Bright Eyes
7%
Eye Level
7%
Three Lions
6.5%
The Last Waltz
6.5%
Fame
6.5%
I Remember You
6%
Torn
6%
Ride On Time
6%
Sex On Fire
6%
The Carnival Is Over
5.5%
Stranger On The Shore
5.5%
Teletubbies Say Eh-Oh!
5.5%
Stand And Deliver
5.5%
Spaceman
4.5%
I Love You Love Me Love
4%
I'd Like To Teach The World To Sing
4%
Don't Give Up On Us
3.5%
Don't Cry For Me Argentina
3.5%
Ghostbusters
3%
YMCA
2.5%
Hit Me With Your Rhythm Stick
2%
Save All Your Kisses For Me
2%
It's Like That
1.5%

You're not logged in!

Compare scores with friends on all Sporcle quizzes.
Sign Up with Email
OR
Log In

You Might Also Like...

Show Comments

Extras

Top Quizzes Today


Score Distribution

Your Account Isn't Verified!

In order to create a playlist on Sporcle, you need to verify the email address you used during registration. Go to your Sporcle Settings to finish the process.

Report this User

Report this user for behavior that violates our Community Guidelines.

Details: